1962 1780 1422 1695 1249 1871 1333 1520 1534 1570 1351 1896 1898 1530 1471 1708 1454 1804 1067 1043 1217 1007 1160 1116 1178 1591 1629 1942 1004 1533 1426 1909 1728 1756 1211 1111 1715 1979 1648 1570 1781 1356 1647 1936 1770 1128 1710 1076 1749 1233 1632 1388 1465 1222 1461 1939 1954 1651 1593 1252 1056 1559 1417 1204 1468 1126 1783 1447 1881 1359 1462 1583 1593 1015 1821 1549 1649 1643 1744 1233 1285 1312 1874 1314 1429 1095 1973 1305 1913 1752 1590 1611 1410 1305 1101 1366 1898 1454 1437 BCNSPRNW ULIB Ver.6.0+V

เปลี่ยนเป็นภาษาไทย

Change to English
 แสดงรายละเอียดบรรณานุกรม
  กลับหน้าหลัก

Brief Record : Get Marc (ISO 2709) : E-mail record : QR code < ปิดหน้าต่าง
LEADER : 00000nam 2200000uu 4500
001    13399112377
003     ULIB
008    110809s2550||||th 000 0 tha d
020    9789747662597
060 04 QV55^bฉ169ค
100 0  เฉลิมศรี สุวรรณเจดีย์
245 10 คู่มือการใช้ยาและการจัดการพยาบาล /^cเฉลิมศรี สุวรรณเจดีย์,จุฬาภรณ์ สมรูป
250    พิมพ์ครั้งที่ 5 ฉบับปรับปรุงใหม่
260    กรุงเทพฯ :^bบพิธการพิมพ์,^c2550
300    (11), 871 หน้า ;^c21 ซม.
650  7 การใช้ยา
650  7 ยา^xคู่มือ
700 0  จุฬาภรณ์ สมรูป
945    ^p280^l0^i14931
945    ^p280^l0^i14556
995    กัณชพร
999    กัณชพร
รายการนี้ยังไม่มีแท็ก
คุณยังไม่ได้ล็อกอิน คุณสามารถมีกิจกรรมร่วมกับเว็บไซต์ได้ แต่ต้องล็อกอินก่อน ::
  ล็อกอิน

รายการสื่อสารสนเทศ

ลำดับที่ ประเภท เลขเรียก/บาร์โค้ด สถานที่ สถานะ
- ไม่พบข้อมูล -

รายการใกล้เคียง
    ผู้แต่ง [เฉลิมศรี สุวรรณเจดีย์]

    หัวเรื่อง [การใช้ยา]

BibComment


ยังไม่เคยถูกคอมเมนท์

คอมเมนท์ทรัพยากรรายการนี้
  คอมเมนท์: คู่มือการใช้ยาและ..


 Copyright 2026. Bcnsprnw @Library